Art for the workers: (Record no. 1435489)

MARC details
000 -LEADER
fixed length control field 00765 a2200241 4500
005 - DATE AND TIME OF LATEST TRANSACTION
control field 20260107120134.0
008 - FIXED-LENGTH DATA ELEMENTS--GENERAL INFORMATION
fixed length control field 260107b |||||||| |||| 00| 0 eng d
020 ## - INTERNATIONAL STANDARD BOOK NUMBER
International Standard Book Number 978-90-24-35565-1 (hbk)
037 ## - SOURCE OF ACQUISITION
Terms of availability TB
040 ## - CATALOGING SOURCE
Original cataloging agency CRL
Transcribing agency CRL
084 ## - COLON CLASSIFICATION NUMBER
Classification number V58:1.P Q8
Assigning agency CRL
100 ## - MAIN ENTRY--PERSONAL NAME
Personal name Natalia Murray
9 (RLIN) 821407
245 ## - TITLE STATEMENT
Title Art for the workers:
Remainder of title Proletarian art and festive decorations of petrograd, 1917-1920
260 ## - PUBLICATION, DISTRIBUTION, ETC.
Name of publisher, distributor, etc. Brill
Date of publication, distribution, etc. 2018
300 ## - PHYSICAL DESCRIPTION
Extent 303p
365 ## - TRADE PRICE
Price amount 148
Currency code EURO
490 ## - SERIES STATEMENT
Series statement Russian history and culture
Volume/sequential designation 20
650 ## - SUBJECT ADDED ENTRY--TOPICAL TERM
Source of heading or term History
650 ## - SUBJECT ADDED ENTRY--TOPICAL TERM
Source of heading or term Russia History
650 ## - SUBJECT ADDED ENTRY--TOPICAL TERM
Source of heading or term Civilisation
942 ## - ADDED ENTRY ELEMENTS (KOHA)
Koha item type Textbook
Source of classification or shelving scheme Colon Classification (CC)
Suppress in OPAC No
Classification part V58:1.P Q8
Holdings
Withdrawn status Lost status Source of classification or shelving scheme Damaged status Not for loan Home library Current library Date acquired Source of acquisition Cost, normal purchase price Inventory number Total Checkouts Full call number Barcode Date last seen Cost, replacement price Price effective from Koha item type
    Colon Classification (CC)     Central Library Central Library 2026-01-07 67 Sunrise Books 10973.31 1241 & 25-12-30   V58:1.P Q8 CL1925205 2025-12-31 15676.16 2025-12-31 Textbook
Copyright @ Delhi University Library System